00461nam a2200145 4500003000900000005001700009008004100026020003000067040001300097082001900110100002600129245008600155260004200241650003200283SEACOMEC20240522115239.0240522b |||||||| |||| 00| 0 eng d a9788173716010.cRs.295.00 aSEACOMEC a621.3815bG427 a Ghosh, Pradip Kumar.1 aPrinciples of electronic communications : analog and digitalcPradip Kumar Ghosh. aHyderabad bUniversities Press c2009 a Analog Integrated Circuits